000 00638cam a22002291 4500
001 8721015
005 20171214041854.0
008 750818s1920 nyu b 000 0 eng
010 _a 20018416
035 _a(OCoLC)1555335
040 _aDLC
_cFM
_dOCoLC
_dDLC
041 _aeng
042 _apremarc
080 _a32
082 _232
100 1 _a18
101 _aSHP
245 1 0 _aAmerican political ideas;
_cby Charles Edward Merriam.
504 _aBibliographical foot-notes.
906 _a7
_bcbc
_coclcrpl
_du
_encip
_f19
_gy-gencatlg
942 _2ddc
_cBK
999 _c38906
_d38906